000 00471nam a2200181Ia 4500
008 100917s9999 xx 000 0 und d
082 _b30588
100 _aकुलकर्णी वि. य.
245 _aभाऊ
260 _bइंद्रायणी प्रकाशन
_c1977
300 _a122
365 _b8
520 _aकादंबरी
630 _aभाऊ
650 _aकादंबरी
730 _aभाऊ
942 _cBOOK
999 _c635982
_d635979